00497nam a2200157Ia 45000010006000000050017000060080041000230410008000640820017000721000029000892450168001182600009002863000028002956500008003236540008003312017520260306172747.0260306t2015||||xx |||||||||||||| ||spa|| aESP a342.812bG26 aGarro, Alejandro M.eAUT 0aHacia una interpretación uniforme de la convención de viena sobre compraventa internacional de mercaderías:bopiniones y declaraciones del consejo consultivo c2015 a465 páginas :c24 cm. aGEN aCDE